000 00382 a2200121 4500
001 ART_54844
005 20260410161634.0
008 260409a
245 1 0 _aContabilidad social y ambiental: educación ambiental y cambio climático
100 1 _aGeba, Norma Beatriz
700 1 _aBifaretti, Marcela Claudia
773 0 _tEnfoques
_g- N°10 (oct. 2021)
_wREV416
999 _c12696
_d12696